| 000 | 00000nam##2200000za#4500 |
| 001 | 9.608332 |
| 003 | CaOODSP |
| 005 | 20240612102652 |
| 007 | cr ||||||||||| |
| 008 | 150406|2015||||xxc|||||o f|0| 0 fre|d |
| 040 | |aCaOODSP|bfre |
| 043 | |an-cn--- |
| 086 | 1 |aRv55-5/2015-001F-PDF |
| 110 | 2 |aAgence des services frontaliers du Canada. |
| 245 | 10|aTraitement des ajustements à la baisse des prix lors des calculs de valeur en douane |h[ressource électronique] |
| 260 | |aOttawa - Ontario : |bAgence des services frontaliers du Canada |
| 300 | |a2p. |
| 490 | 1 |aAvis des douanes |v15-001, le 19 janvier 2015 |
| 590 | |a15-10|b2015-03-06 |
| 775 | 08|tTreatment of downward price adjustments in value for duty calculations |w(CaOODSP)9.581554 |
| 830 | #0|aAvis des douanes ;|v15-001, le 19 janvier 2015|w(CaOODSP)9.501143 |
| 856 | 40|ahttp://publications.gc.ca|qPDF|s38 Ko|uhttps://publications.gc.ca/collections/collection_2015/asfc-cbsa/Rv55-5-2015-001-fra.pdf|y15-001, le 19 janvier 2015 |